| 000 | 01235 a2200217 4500 | ||
|---|---|---|---|
| 001 | 57698 | ||
| 005 | 20260407155836.0 | ||
| 008 | 260407a1989 arg spa d | ||
| 003 | AR-UNSa-BCEJYS | ||
| 040 |
_aAR-UNSa-BCEJYS _bspa _cAR-UNSa-BCEJYS |
||
| 080 |
_a658.5 _xPlanificación y control de la producción |
||
| 245 | 1 | 0 |
_aManufactura de categoria mundial _paplicación de las últimas técnicas para optimizar la producción |
| 020 | _a958-04-0800-9 | ||
| 264 | 1 |
_aBogotá : _bGrupo Editorial Norma _c1989 |
|
| 300 |
_axi, 292 p. _c23 cm. |
||
| 505 | _a1. Más rapido, más alto, más fuerte - 2. Operadores de línea y datos de operación - 3. Los funcionarios como actores secundarios - 4. Sobreestimación del papel del capital ( automatización en cámara lenta) - 5. La economía de multiplos - 6. Centro de responsabilidad - 7. Enfoque sobre la calidad - 8. La influencia del diseño - 9. Socios en las ganancias: proveedores, transportadores, clientes - 10. Modelos sencillos, sistemas sencillos - 11. Cómo dirigir la transformación - 12. Capacitación: el catalizador - 13. La estrategia revelada | ||
| 041 | _aspa | ||
| 942 | _cBK | ||
| 590 | _aniveau_biblio:m niveau_hierar:0 | ||
| 100 | 1 | _aSchonberger, Richard J. | |
| 999 |
_c6225 _d6225 |
||